Sing or say best-loved nursery rhymes : (Record no. 8637)
[ view plain ]
| 000 -LEADER | |
|---|---|
| fixed length control field | 01017nam a22002297a 4500 |
| 001 - CONTROL NUMBER | |
| control field | 8637 |
| 003 - CONTROL NUMBER IDENTIFIER | |
| control field | FISKH |
| 005 - DATE AND TIME OF LATEST TRANSACTION | |
| control field | 20251007113209.0 |
| 008 - FIXED-LENGTH DATA ELEMENTS--GENERAL INFORMATION | |
| fixed length control field | 251007b cb ||||| |||| 00| 0 eng d |
| 020 ## - INTERNATIONAL STANDARD BOOK NUMBER | |
| International Standard Book Number | 087577005201 |
| 040 ## - CATALOGING SOURCE | |
| Original cataloging agency | FISKH |
| Language of cataloging | eng |
| Transcribing agency | FISKH |
| Modifying agency | FISKH |
| 050 ## - LIBRARY OF CONGRESS CALL NUMBER | |
| Classification number | PZ7 |
| 082 ## - DEWEY DECIMAL CLASSIFICATION NUMBER | |
| Classification number | 398.8. |
| 100 ## - MAIN ENTRY--PERSONAL NAME | |
| Personal name | Ong, Cristina |
| 245 ## - TITLE STATEMENT | |
| Title | Sing or say best-loved nursery rhymes : |
| Remainder of title | The enchanting book your child will read and return to... time and time again / |
| 260 ## - PUBLICATION, DISTRIBUTION, ETC. | |
| Place of publication, distribution, etc. | Ohio : |
| Name of publisher, distributor, etc. | Landoll, |
| Date of publication, distribution, etc. | 1993. |
| 300 ## - PHYSICAL DESCRIPTION | |
| Extent | 20 unnumbered pages : |
| Other physical details | color illustrations ; |
| Dimensions | 29 cm |
| 520 ## - SUMMARY, ETC. | |
| Summary, etc. | Capture the universal spendor of a child's imaginative world with Landoll's new four volume set of "Best-Loved Nursery Rhymes." Each original, creatively designed book is filled with familiar and entertaining rhymes. Your child will enjoy the cure, whimsical art that adorns every page and enchances each witty, clever rhymes. |
| 650 ## - SUBJECT ADDED ENTRY--TOPICAL TERM | |
| Topical term or geographic name entry element | Nursery Rhymes |
| Form subdivision | Early Childhood |
| General subdivision | Picture Book |
| 942 ## - ADDED ENTRY ELEMENTS (KOHA) | |
| Source of classification or shelving scheme | Dewey Decimal Classification |
| Koha item type | Books |
| Suppress in OPAC | No |
| Withdrawn status | Lost status | Source of classification or shelving scheme | Damaged status | Not for loan | Collection | Home library | Current library | Shelving location | Date acquired | Total Checkouts | Full call number | Barcode | Date last seen | Copy number | Price effective from | Koha item type |
|---|---|---|---|---|---|---|---|---|---|---|---|---|---|---|---|---|
| Dewey Decimal Classification | Reference | Footprints International School Library Network Toul Kork Campus | Footprints International School Library Network Toul Kork Campus | Librarian's Shelf TK | 10/07/2025 | ONG 398.8 PZ7 | FISBK00456 | 10/07/2025 | 1 | 10/07/2025 | Books |
